000 01087nam a22002417a 4500
003 OSt
005 20250225162548.0
008 230926b ||||| |||| 00| 0 eng d
040 _c0
082 _aDPer 379.1 J826 Winter - Spring 2020 v. 45 n. 3-4
100 _aSteinberg, Matthew P.
_eauthor.
_949326
245 _aEducation finance reform and the great recession :
_bdid state policy and fiscal federalism improve education spending, school resources, and student achievement in Pennsylvania ? /
_cMatthew P. Steinberg, Rand Quinn, and J. Cameron Anglum.
260 _aUnited States ;
_bUniversity of Illinois Press and Johns Hopkins University Press,
_cSpring 2020.
300 _avolume 45, pages 426-457,
_billustration.
500 _aJournal of Education Finance, v. 45 n. 4, pages 426-457, Winter 2020.
650 _aEducation.
_949327
650 _aFinance.
_949328
650 _aRecessions.
_949329
700 _aSteinberg, Matthew P.
_eauthor.
_949326
700 _aQuinn, Rand.
_eauthor.
_949330
700 _aAnglum, J. Cameron.
_eauthor.
_949331
942 _2ddc
_cPER
999 _c18265
_d18265